000 00265nam a22001217a 4500
008 170815b xxu||||| |||| 00| 0 eng d
041 _aeng
080 _a51
100 _a36
101 _aMAT
245 _aAPPLIED FACTOR ANALYSIS
_cRUMMEL.R.J
942 _2udc
_cBK
999 _c23520
_d23520